000 00395nab a22001097u 4500
008 130520b2000 xxu||||| |||| 00| 0 spa d
041 _aspa
100 1 _aRuether, Rosemary Radford
_967433
245 0 0 _aEl Dios de las posibilidades: reconsideración de la inmanencia y la trascendencia
_cRosemary Radford Ruether
773 0 _tConcilium
_gnº287,2000,págs. 55-66
_x0210-1041
_wRev134
942 _cAR
999 _c355855
_d355855